000 01116nam a22002535i 4500
001 157191
003 ES-MaACL
005 20251218180317.0
008 040811s1882 sp |||| | spa d
040 _aCAM
_bspa
_cCAM
100 1 _aLastra, Salvador.
_970499
245 1 0 _aLuces y sombras
_b: gacetilla cómico-lírica en un acto y en cuatro cuadros /
_coriginal y en verso de Lastra, Ruesga y Prieto ; con música de los maestros Valverde y Chueca.
260 _aMadrid :
_b[Administración lírico-dramática de Eduardo Hidalgo],
_c1882 (
_fImprenta de José Rodriguez)
300 _a41 p. ;
_c20 cm.
500 _aEstrenada la noche del 1º de febrero de 1882.
500 _aSolo la letra.
596 _aEditor tomado de la cub. y de verso de port.
700 1 _aRuesga Villoldo, Andrés.
_9132163
700 1 _aPrieto, Enrique,
_dm. 1914
_9139960
700 0 _aChueca, Federico,
_d1846-1908
_938685
700 1 _aValverde, Joaquín,
_d1846-1910
_9113008
852 _aES-MaACL
_jD-2525(8)
_z-- Enc. hol., conservando la enc. editorial
_z-- Legado de M. de la Fuente
999 _c157191
_d157191